000 00317nam a2200133Ia 4500
008 220216s9999 xx 000 0 und d
100 _aSoman T A
245 0 _aKapputhaikal thayyaraakkaan oru naveena reethi
260 _bRubber
_c2010
300 _a20-21
700 _aJacob J
700 _aMydin K K
942 _cBS
999 _c51984
_d51984